000 00414nam a22001337a 4500
020 _a0-13-581745-5
082 _a004.165 TOC'M
100 _aLASKOWSKI, LESTER P , TOCCI, RONALD J
_965308
245 _aMICROPROCESSORS AND MICROCOMPUTERS , THE 6800 FAMILY
260 _aLONDON
_bPRENTICE HALL
_c1986
300 _aXIII, 497P
650 _aMICROPROCESSOR MICROCOMPUTERS MOTOROLA(MICROPROCESOR)
_965309
942 _cBK
999 _c573562
_d573562